Lanean...
Textile Design and Technology
| Egile nagusia: | |
|---|---|
| Formatua: | Printed Book |
| Argitaratua: |
New Delhi
Sonali Publications
2011
|
| Gaiak: |
| LEADER | 00500nam a22001577a 4500 | ||
|---|---|---|---|
| 020 | |a 9788184113075 | ||
| 082 | |a 746 |b TYA/T | ||
| 100 | |a Tyagi,Anita | ||
| 245 | |a Textile Design and Technology | ||
| 260 | |a New Delhi |b Sonali Publications |c 2011 | ||
| 300 | |a 288p. | ||
| 650 | |a Textile design | ||
| 650 | |a Textile industry | ||
| 942 | |c BK | ||
| 999 | |c 35789 |d 35789 | ||
| 952 | |0 0 |1 0 |4 0 |6 746_000000000000000_TYAT |7 0 |8 Stack |9 37879 |a KUCL |b KUCL |c Stack |d 2015-11-06 |g 900.00 |l 0 |o 746 TYA/T |p 35015 |r 2015-11-06 |w 2015-11-06 |y BK | ||